|
|
|
|
| LEADER |
00000nam0a2200000 4500 |
| 001 |
306682 |
| 005 |
20231102001922.0 |
| 035 |
|
|
|a (RuTPU)RU\TPU\book\331959
|
| 090 |
|
|
|a 306682
|
| 100 |
|
|
|a 20151009d1983 km y0rusy50 ca
|
| 101 |
0 |
|
|a rus
|
| 102 |
|
|
|a RU
|
| 105 |
|
|
|a a z 001zy
|
| 200 |
1 |
|
|a Технология и изучение соединений редких элементов
|f Академия наук СССР (АН СССР), Институт химии и технологии редких элементов и минерального сырья им. И. В. Тананаева (ИХТРЭМС) ; под ред. Д. Л. Рогачева
|
| 210 |
|
|
|a Апатиты
|c Изд-во Кольского филиала АН СССР
|d 1983
|
| 215 |
|
|
|a 93 с.
|c ил.
|
| 320 |
|
|
|a Библиогр. в конце ст.
|
| 606 |
1 |
|
|a Редкие элементы,соединения
|x Физико-химические свойства
|2 stltpush
|3 (RuTPU)RU\TPU\subj\32842
|9 55262
|
| 610 |
1 |
|
|a редкоземельные элементы
|
| 610 |
1 |
|
|a минеральное сырье
|
| 610 |
1 |
|
|a Кольский полуостров
|
| 610 |
1 |
|
|a сернокислотная переработка
|
| 610 |
1 |
|
|a сфены
|
| 610 |
1 |
|
|a перовскиты
|
| 610 |
1 |
|
|a экстракционное разделение
|
| 610 |
1 |
|
|a вибрационные экстракторы
|
| 610 |
1 |
|
|a рентгеноспектральный анализ
|
| 675 |
|
|
|a 661.88
|v 4
|
| 702 |
|
1 |
|a Рогачев
|b Д. Л.
|4 340
|
| 712 |
0 |
2 |
|a Академия наук СССР (АН СССР)
|b Институт химии и технологии редких элементов и минерального сырья им. И. В. Тананаева (ИХТРЭМС)
|c (Апатиты)
|2 stltpush
|3 (RuTPU)RU\TPU\col\11482
|
| 801 |
|
1 |
|a RU
|b 63413507
|c 20151009
|
| 801 |
|
2 |
|a RU
|b 63413507
|c 20190401
|g RCR
|
| 942 |
|
|
|c BK
|